ঢ়
ক্ষ
ড়
ঢ়
য়
র-ফলা‌‌‌
 
 
য-ফলা
ি
 
 
রেফ
 
 
 
যুক্ত করুন/হসন্ত
Space
Enter

Shopping centres : (Record no. 2484)

000 -LEADER
fixed length control field 00775nam a22002417a 4500
001 - CONTROL NUMBER
control field 15847
003 - CONTROL NUMBER IDENTIFIER
control field BD-DhUAP
005 - DATE AND TIME OF LATEST TRANSACTION
control field 20200225125628.0
008 - FIXED-LENGTH DATA ELEMENTS--GENERAL INFORMATION
fixed length control field 200225s1991 enka|||| b||| 001 0 eng d
020 ## - INTERNATIONAL STANDARD BOOK NUMBER
International Standard Book Number 0750612134
040 ## - CATALOGING SOURCE
Original cataloging agency BD-DhUAP
Language of cataloging Eng
Transcribing agency BD-DhUAP
Modifying agency BD-DhUAP
082 ## - DEWEY DECIMAL CLASSIFICATION NUMBER
Edition number 23
Classification number 711.5522 BED
100 ## - MAIN ENTRY--PERSONAL NAME
Personal name Beddington, Nadine.
245 ## - TITLE STATEMENT
Title Shopping centres :
Remainder of title retail development, desing and management /
Statement of responsibility, etc. Nadine Beddington.
250 ## - EDITION STATEMENT
Edition statement 2nd rev. ed.
260 ## - PUBLICATION, DISTRIBUTION, ETC.
Place of publication, distribution, etc. London :
Name of publisher, distributor, etc. Butterworth Architecture,
Date of publication, distribution, etc. 1991.
300 ## - PHYSICAL DESCRIPTION
Extent xiii, 236 pages :
Other physical details illustrations ;
Dimensions 30 cm.
490 ## - SERIES STATEMENT
Series statement Library of Planning and Design.
504 ## - BIBLIOGRAPHY, ETC. NOTE
Bibliography, etc. note Includes bibliography and references.
650 ## - SUBJECT ADDED ENTRY--TOPICAL TERM
Topical term or geographic name entry element Shopping centers.
650 ## - SUBJECT ADDED ENTRY--TOPICAL TERM
Topical term or geographic name entry element Shopping centers
Form subdivision Planning
942 ## - ADDED ENTRY ELEMENTS (KOHA)
Source of classification or shelving scheme
Koha item type Book
Holdings
Withdrawn status Lost status Source of classification or shelving scheme Damaged status Not for loan Permanent Location Current Location Shelving location Date acquired Full call number Barcode Date last seen Copy number Price effective from Koha item type
          UAP Central Library UAP Central Library General Stacks 2020-02-25 711.5522 BED 3010015847 2020-02-25 1 2020-02-25 Book

All rights reserved © UAP Central Library,
University of Asia Pacific.